Normal view
MARC view
Entry Personal Name
001 - CONTROL NUMBER
- control field: 31742
003 - CONTROL NUMBER IDENTIFIER
- control field: ARRUPE
005 - DATE AND TIME OF LATEST TRANSACTION
- control field: 20170531095249.0
008 - FIXED-LENGTH DATA ELEMENTS
- fixed length control field: 170531|| aca||aabn | a|a d
040 ## - CATALOGING SOURCE
- Original cataloging agency: ARRUPE
- Transcribing agency: ARRUPE
100 ## - HEADING--PERSONAL NAME
- Personal name: Yon, D. A.
670 ## - SOURCE DATA FOUND
- Source citation: Work cat.: (ARRUPE)20966: Sources and perspectives :, c1990.